000
00334nam a2200145Ia 4500
008
150201s2003 xx 000 0 und d
082
_a
617.64
_b
R2003R
100
_a
RANI,M.S.
245
_a
REMOVABLE ORTHODONTICS
250
_a
2ND
260
_b
AIPD
_a
DELHI
_c
2003
300
_a
1-240
650
_a
ORTHODONTICS
942
_2
ddc
_c
BK
_0
4
999
_c
3395
_d
3395